000 00298nam a22001337a 4500
008 170530b xxu||||| |||| 00| 0 eng d
020 _a9780465004959
041 _aeng
080 _a94(7/8)
100 _a17
101 _aSHH
245 _aBEYOND THE REVOLUTION
_cGOETZMANN,W.H
942 _2udc
_cBK
999 _c15059
_d15059